Employee investment funds (Record no. 1143990)

MARC details
000 -LEADER
fixed length control field 00614nam a2200229Ia 4500
003 - CONTROL NUMBER IDENTIFIER
control field OSt
005 - DATE AND TIME OF LATEST TRANSACTION
control field 20221007071707.0
008 - FIXED-LENGTH DATA ELEMENTS--GENERAL INFORMATION
fixed length control field 221006b |||||||| |||| 00| 0 eng d
037 ## - SOURCE OF ACQUISITION
Terms of availability Textual
040 ## - CATALOGING SOURCE
Original cataloging agency FLL
Transcribing agency FLL
Language of cataloging eng
041 ## - LANGUAGE CODE
Source of code eng
Language code of text/sound track or separate title eng
100 ## - MAIN ENTRY--PERSONAL NAME
Personal name Meidner R. Au.
9 (RLIN) 689224
245 #0 - TITLE STATEMENT
Title Employee investment funds
260 ## - PUBLICATION, DISTRIBUTION, ETC.
Place of publication, distribution, etc. London
Name of publisher, distributor, etc. George allen and unwin London
Date of publication, distribution, etc. 1978
300 ## - PHYSICAL DESCRIPTION
Extent 132p
Dimensions cm.
942 ## - ADDED ENTRY ELEMENTS (KOHA)
Classification part X:9585.3.N7, L8
Koha item type Textual
Source of classification or shelving scheme Colon Classification (CC)
Holdings
Withdrawn status Lost status Source of classification or shelving scheme Damaged status Not for loan Home library Current library Date acquired Total Checkouts Full call number Barcode Date last seen Price effective from Koha item type
    Colon Classification (CC)     Faculty of Law Library Faculty of Law Library 2022-10-07   X:9585.3.N7 L8 LL0582248 2022-10-07 2022-10-07 Textual
Copyright @ Delhi University Library System